[Event "Leverkusen Bayer op 10th"]
[Site "Leverkusen"]
[Date "2012.01.11"]
[Round "1"]
[White "Birnkott, Manfred"]
[Black "Seelig, Jochen"]
[Result "1/2-1/2"]
[WhiteElo "1850"]
[BlackElo "1409"]
[PlyCount "83"]
[EventDate "2012.01.11"]
[EventType "swiss"]
[EventRounds "7"]
[EventCountry "GER"]
[SourceTitle "EXT 2014"]
[Source "ChessBase"]
[SourceDate "2013.11.20"]
[SourceVersion "1"]
[SourceVersionDate "2013.11.20"]
[SourceQuality "1"]

1. e4 b6 2. d4 Bb7 3. Nc3 e6 4. Bd3 Nf6 5. Nge2 d5 6. e5 Nfd7 7. Nb1 c5 8. c3 Nc6 9. 0-0 c4 10. Bc2 Na5 11. b4 Nc6 12. f4 g6 13. Be3 Qe7 14. a4 0-0-0 15. Na3 a5 16. bxa5 Nxa5 17. Nb5 Qe8 18. Bc1 Bc6 19. Rb1 Bxb5 20. Rxb5 Be7 21. Bd2 Kc7 22. Nc1 Nc6 23. Na2 Ra8 24. Be3 Ra5 25. Rb1 Qa8 26. Nb4 Qb7 27. Kh1 h5 28. Kg1 Rha8 29. Bc1 Ndb8 30. Ba3 b5 31. Nxc6 Nxc6 32. Bb4 Bxb4 33. cxb4 R5a6 34. Kf2 Rb6 35. a5 Rba6 36. Ke3 Ne7 37. Kd2 Nc6 38. Kc3 Rh8 39. h3 h4 40. Qg4 Ne7 41. Qg5 Kd7 42. Rf2 1/2-1/2

[Event "Leverkusen Bayer op 9th"]
[Site "Leverkusen"]
[Date "2011.01.10"]
[Round "1"]
[White "Seelig, Jochen"]
[Black "Birnkott, Manfred"]
[Result "0-1"]
[WhiteElo "1434"]
[BlackElo "1792"]
[PlyCount "54"]
[EventDate "2011.01.10"]
[EventType "swiss"]
[EventRounds "7"]
[EventCountry "GER"]
[SourceTitle "EXT 2012"]
[Source "ChessBase"]
[SourceDate "2011.11.24"]
[SourceVersion "1"]
[SourceVersionDate "2011.11.24"]
[SourceQuality "1"]

1. Nf3 Nf6 2. b3 d5 3. Bb2 Nbd7 4. d4 g6 5. h3 Bg7 6. Qd3 0-0 7. Nbd2 b6 8. g4 Bb7 9. Bg2 Ne4 10. Nh2 Nxd2 11. Qxd2 c5 12. e3 Rc8 13. f4 Qc7 14. Rc1 Nf6 15. 0-0 Ne4 16. Bxe4 dxe4 17. c3 Rfd8 18. g5 e5 19. Ng4 Qe7 20. h4 exd4 21. cxd4 cxd4 22. Rxc8 Bxc8 23. Nf6+ Bxf6 24. gxf6 Qxf6 25. Bxd4 Qxh4 26. Qc3 Bh3 27. Qe1 Qg4+ 0-1

[Event "Leverkusen-ch op"]
[Site "Leverkusen"]
[Date "2009.03.02"]
[Round "5"]
[White "Seelig, Jochen"]
[Black "Granz, Thomas"]
[Result "0-1"]
[WhiteElo "1392"]
[BlackElo "1651"]
[PlyCount "58"]
[EventDate "2009.01.12"]
[EventType "swiss"]
[EventRounds "7"]
[EventCountry "GER"]
[SourceTitle "EXT 2010"]
[Source "ChessBase"]
[SourceDate "2010.11.25"]
[SourceVersion "1"]
[SourceVersionDate "2010.11.25"]
[SourceQuality "1"]

1. Nf3 Nc6 2. b3 e5 3. Bb2 Bc5 4. Nxe5 Qf6 5. d4 Nxe5 6. dxc5 Nf3+ 7. gxf3 Qxb2 8. Nd2 Nf6 9. c4 0-0 10. e3 Rd8 11. Qc1 Qe5 12. b4 d5 13. cxd6 Rxd6 14. c5 Rd8 15. Nc4 Qf5 16. Nd2 Be6 17. Qb1 Qd5 18. Qc2 Qe5 19. Rd1 a5 20. a3 axb4 21. axb4 Ra2 22. Qc1 h6 23. f4 Qd5 24. Rg1 Qh5 25. Nf3 Rda8 26. Be2 Bg4 27. Rg3 Ne4 28. Rxg4 Qxg4 29. Qb1 Nc3 0-1

[Event "Bergisch Gladbach-ch"]
[Site "Bergisch Gladbach"]
[Date "2008.08.29"]
[Round "3"]
[White "Stieg, Karsten"]
[Black "Seelig, Jochen"]
[Result "0-1"]
[WhiteElo "1485"]
[BlackElo "1392"]
[PlyCount "110"]
[EventDate "2008.08.15"]
[EventType "swiss"]
[EventRounds "7"]
[EventCountry "GER"]
[SourceTitle "EXT 2011"]
[Source "ChessBase"]
[SourceDate "2010.11.26"]
[SourceVersion "1"]
[SourceVersionDate "2010.11.26"]
[SourceQuality "1"]

1. d4 b6 2. Nc3 Bb7 3. e4 e6 4. a3 Nf6 5. f3 g6 6. Bg5 Be7 7. Bh6 Nh5 8. Qd2 Bf8 9. Bxf8 Qh4+ 10. Qf2 Qxf2+ 11. Kxf2 Kxf8 12. d5 Ng7 13. Rd1 a5 14. Nb5 Ne8 15. dxe6 fxe6 16. e5 Ba6 17. f4 Bxb5 18. Bxb5 c6 19. Be2 a4 20. Nf3 Ke7 21. Ng5 Na6 22. Ne4 Nc5 23. Nxc5 bxc5 24. Bc4 Nc7 25. g4 Rhf8 26. Kg3 Nd5 27. Bxd5 cxd5 28. c3 c4 29. g5 Rab8 30. Rd2 Rb3 31. Rb1 Rfb8 32. Kg4 Rxc3 33. bxc3 Rxb1 34. h4 Rb3 35. Rc2 Rxa3 36. h5 Rb3 37. h6 a3 38. Kf3 Rb2 39. Rc1 a2 40. Ra1 Rc2 41. Ke3 Rxc3+ 42. Kd2 Rd3+ 43. Ke2 Ra3 44. Kd2 d6 45. Kc2 c3 46. Kc1 dxe5 47. fxe5 d4 48. Kc2 Kd7 49. Kd3 Ra4 50. Kc2 Kc6 51. Kb3 Ra5 52. Rxa2 Rxa2 53. Kxa2 Kd5 54. Kb3 Kxe5 55. Kc2 Kf5 0-1

[Event "Leverkusen-ch op"]
[Site "Leverkusen"]
[Date "2007.02.12"]
[Round "4"]
[White "Lessing, Sebastian"]
[Black "Seelig, Jochen"]
[Result "1/2-1/2"]
[WhiteElo "1628"]
[BlackElo "1395"]
[PlyCount "96"]
[EventDate "2007.01.08"]
[EventType "swiss"]
[EventRounds "7"]
[EventCountry "GER"]
[SourceTitle "EXT 2008"]
[Source "ChessBase"]
[SourceDate "2007.11.25"]
[SourceVersion "1"]
[SourceVersionDate "2007.11.25"]
[SourceQuality "1"]

1. e4 b6 2. Nc3 Bb7 3. Bc4 Nf6 4. d3 e6 5. Bg5 Be7 6. Nge2 d5 7. exd5 Nxd5 8. Bxd5 Bxd5 9. Bxe7 Kxe7 10. 0-0 Qd6 11. Re1 Nd7 12. Nf4 Nf6 13. Nfxd5+ Nxd5 14. Ne4 Qd7 15. c4 Nf6 16. Ng3 g6 17. Qf3 Rhd8 18. Rad1 c5 19. Ne4 Nxe4 20. Rxe4 Kf8 21. h4 Kg7 22. h5 Rac8 23. h6+ Kf8 24. Qf6 Ke8 25. Rf4 Qe7 26. Qg7 Qf8 27. Qxh7 Rd7 28. Qg7 Qxg7 29. hxg7 Ke7 30. Rh4 Rg8 31. Rh7 Kf6 32. g4 Kg5 33. f3 f5 34. gxf5 gxf5 35. Kf2 Kf6 36. Rh6+ Kf7 37. Ke3 Rd4 38. b4 f4+ 39. Ke2 Rxg7 40. bxc5 bxc5 41. a4 Rg2+ 42. Kf1 Ra2 43. Rh7+ Kf6 44. Rxa7 Rd8 45. a5 Rh8 46. Kg1 Rhh2 47. Ra8 Rhg2+ 48. Kf1 Rgf2+ 1/2-1/2

[Event "Bergisch Gladbach-ch"]
[Site "Bergisch Gladbach"]
[Date "2006.08.25"]
[Round "1"]
[White "Seelig, Jochen"]
[Black "Bosbach, Manfred"]
[Result "1/2-1/2"]
[WhiteElo "1342"]
[BlackElo "1796"]
[PlyCount "78"]
[EventDate "2006.08.25"]
[EventType "swiss"]
[EventRounds "7"]
[EventCountry "GER"]
[SourceTitle "EXT 2008"]
[Source "ChessBase"]
[SourceDate "2007.11.25"]
[SourceVersion "1"]
[SourceVersionDate "2007.11.25"]
[SourceQuality "1"]

1. b3 e5 2. Bb2 Nc6 3. e3 Nf6 4. Bb5 d6 5. Bxc6+ bxc6 6. h3 Be7 7. d3 0-0 8. e4 Be6 9. Nd2 Nd7 10. g4 a5 11. a4 d5 12. Ngf3 f6 13. Qe2 c5 14. Nh4 c6 15. Nf5 Rf7 16. Ba3 Bf8 17. Ne3 Nb6 18. Rg1 dxe4 19. dxe4 Qd4 20. Rd1 Qd8 21. Ndc4 Qc7 22. Nxb6 Qxb6 23. Nc4 Qc7 24. f3 Rd8 25. Kf2 Rd4 26. Bb2 Bxc4 27. bxc4 Rd8 28. Rxd8 Qxd8 29. Rd1 Rd7 30. Rd3 Be7 31. Qd1 Rd6 32. Ba3 Rd4 33. Bb2 Rd6 34. Ba3 Kf7 35. Rxd6 Qxd6 36. Qxd6 Bxd6 37. Bc1 Ke6 38. Bd2 Bc7 39. Be3 Bb6 1/2-1/2

[Event "Bergisch Gladbach-ch 26th"]
[Site "Bergisch Gladbach"]
[Date "2004.10.08"]
[Round "6"]
[White "Seelig, Jochen"]
[Black "Bloemer, Guenter"]
[Result "1-0"]
[WhiteElo "1303"]
[BlackElo "1479"]
[PlyCount "127"]
[EventDate "2004.09.??"]
[EventType "swiss"]
[EventRounds "7"]
[EventCountry "GER"]
[SourceTitle "EXT 2005"]
[Source "ChessBase"]
[SourceDate "2004.11.15"]
[SourceVersion "1"]
[SourceVersionDate "2004.11.15"]
[SourceQuality "1"]

1. Nf3 d5 2. b3 c5 3. e3 Nc6 4. Bb5 Bd7 5. Bxc6 Bxc6 6. Ne5 Qd6 7. d4 g6 8. Ba3 b6 9. Nc3 Bg7 10. Nxc6 Qxc6 11. Na4 cxd4 12. exd4 Qe6+ 13. Qe2 Qxe2+ 14. Kxe2 Bxd4 15. Rad1 Bg7 16. Rxd5 Nf6 17. Rd3 Rc8 18. c4 Nh5 19. g3 f5 20. Rhd1 Nf6 21. Bb2 Kf7 22. Bxf6 Bxf6 23. Rd7 Ra8 24. Rb7 Rhb8 25. Rdd7 Rxb7 26. Rxb7 h5 27. h4 Ke6 28. c5 bxc5 29. Nxc5+ Kd6 30. b4 a5 31. Rb6+ Kd5 32. Na6 Rc8 33. Rb5+ Kd4 34. Rxa5 Rc2+ 35. Kf3 e5 36. b5 e4+ 37. Kg2 Kc3 38. Ra3+ Kd2 39. Nb4 Rc5 40. Ra6 Bc3 41. Rd6+ Ke2 42. Nd5 Bd2 43. b6 g5 44. b7 Rb5 45. Rb6 Rxd5 46. b8Q Rd3 47. Rb3 f4 48. Rxd3 exd3 49. Qe5+ Kd1 50. Qe4 Kc2 51. Qc4+ Bc3 52. Qb3+ Kd2 53. hxg5 Bd4 54. Qc4 Be5 55. gxf4 Ba1 56. f5 Ke2 57. f6 Bb2 58. f7 Bg7 59. Qe4+ Kd2 60. f4 Kc3 61. Qe1+ d2 62. Qd1 Kd3 63. f5 Bf8 64. f6 1-0

[Event "Bergisch Gladbach-ch 26th"]
[Site "Bergisch Gladbach"]
[Date "2004.09.10"]
[Round "2"]
[White "Seelig, Jochen"]
[Black "Klein, Dieter"]
[Result "0-1"]
[WhiteElo "1303"]
[BlackElo "1624"]
[PlyCount "30"]
[EventDate "2004.09.??"]
[EventType "swiss"]
[EventRounds "7"]
[EventCountry "GER"]
[SourceTitle "EXT 2005"]
[Source "ChessBase"]
[SourceDate "2004.11.15"]
[SourceVersion "1"]
[SourceVersionDate "2004.11.15"]
[SourceQuality "1"]

1. Nf3 c5 2. b3 g6 3. Bb2 Nf6 4. g4 h6 5. h4 Bg7 6. Bh3 d5 7. g5 hxg5 8. Bxc8 Qxc8 9. Nxg5 Qg4 10. e3 Qxg5 11. Qe2 Rxh4 12. Qb5+ Nbd7 13. Rxh4 Qxh4 14. Qxb7 Rd8 15. Qc6 Ne4 0-1

[Event "Bergisch Gladbach-ch 25th"]
[Site "Bergisch Gladbach"]
[Date "2003.10.10"]
[Round "6.18"]
[White "Seelig, Jochen"]
[Black "Stieg, Karsten"]
[Result "1/2-1/2"]
[WhiteElo "1345"]
[BlackElo "1325"]
[PlyCount "60"]
[EventDate "2003.08.??"]
[EventType "swiss"]
[EventRounds "7"]
[EventCountry "GER"]
[SourceTitle "EXT 2005"]
[Source "ChessBase"]
[SourceDate "2004.11.15"]
[SourceVersion "1"]
[SourceVersionDate "2004.11.15"]
[SourceQuality "1"]

1. Nf3 Nf6 2. b3 g6 3. Bb2 Bg7 4. g4 0-0 5. g5 Ne4 6. Bxg7 Kxg7 7. d3 Nd6 8. Ne5 b6 9. Bg2 Bb7 10. Bxb7 Nxb7 11. f4 d6 12. Ng4 f5 13. Nh6 e5 14. e3 Re8 15. Kd2 Nc5 16. Nc3 Ne6 17. Nd5 c6 18. Nf6 Rf8 19. Nhg8 exf4 20. exf4 Nxf4 21. Qf3 Ne6 22. Qh3 Nxg5 23. Qh6+ Kf7 24. Nxh7 Nf3+ 25. Ke3 Rxg8 26. Kxf3 Rh8 27. Rag1 Qf6 28. Rg2 Nd7 29. Nxf6 Rxh6 30. Nxd7 Rd8 1/2-1/2